000 00645nam a22001577a 4500
003 OSt
005 20151028162232.0
008 151028b xxu||||| |||| 00| 0 eng d
040 _cRUA
082 _aAGR SOE 2004 B033 Or.1
100 _93049
_aSOEU TEVY
245 _aStudy on adaptability of tomato varieties for heat tolerance in dry season, (ការសិក្សាពីភាពបន្សាំរបស់ពូជដំណាំប៉េងប៉ោះ ដែលធន់និង​កំដៅក្នុងរដូវប្រំាង)
260 _aPhnom Penh
_bRUA
_c2004
300 _a46p.
_bill.
_c29cm.
942 _2ddc
_cAGR
999 _c2843
_d2843